[Event "FIDE World Bl Team Pool C"]
[Site "London ENG"]
[Date "2025.06.14"]
[Round "3.4"]
[White "Grigoryan, Meri"]
[Black "Navrotescu, Andreea"]
[Result "1-0"]
[WhiteTitle "WFM"]
[BlackTitle "WGM"]
[WhiteElo "1980"]
[BlackElo "2333"]
[WhiteTeam "ANI"]
[BlackTeam "Chess Rising Stars"]
[WhiteFideId "13300571"]
[BlackFideId "675946"]
[EventDate "2025.06.14"]
[EventType "team"]

1. d4 Nf6 2. Nf3 e6 3. Bf4 c5 4. c3 Nc6 5. e3 d5 6. Qc2 Bd6 7. Bxd6 Qxd6 8. Nbd2
O-O 9. Bb5 Bd7 10. Bxc6 Bxc6 11. Ne5 Rac8 12. O-O Nd7 13. Nxc6 Rxc6 14. Nf3 e5
15. dxe5 Nxe5 16. Qf5 Nxf3+ 17. Qxf3 Rd8 18. Rfd1 Qe6 19. Rd2 Rcd6 20. Rad1 b5
21. b4 cxb4 22. cxb4 h6 23. h3 d4 24. exd4 Qc4 25. a3 Rd5 26. Qe3 R8d6 27. Qe8+
Kh7 28. Qe4+ f5 29. Qd3 Qc8 30. Qe2 Qd7 31. Qe3 Rg6 32. Qf3 Rgd6 33. Qf4 a6 34.
Rd3 Qc6 35. Rg3 Rd7 36. Qe3 Qc2 37. Qd3 Qb2 38. Qe3 Rxd4 39. Rxd4 Rxd4 40. Qc3
Qxc3 41. Rxc3 Rd1+ 42. Kh2 Ra1 43. Kg3 g5 44. h4 f4+ 45. Kg4 Kg6 46. Rc6+ Kg7
47. hxg5 Rxa3 48. gxh6+ Kh7 49. Kg5 Ra4 50. Rc7+ Kh8 51. Kg6 1-0

[Event "FIDE World Bl Team Pool C"]
[Site "London ENG"]
[Date "2025.06.14"]
[Round "3.5"]
[White "Tsaknakis, Zisis"]
[Black "Mesropyan, Hayk"]
[Result "1-0"]
[WhiteTitle "FM"]
[WhiteElo "2333"]
[BlackElo "1866"]
[WhiteTeam "Chess Rising Stars"]
[BlackTeam "ANI"]
[WhiteFideId "4259963"]
[BlackFideId "499455"]
[EventDate "2025.06.14"]
[EventType "team"]

1. e4 e5 2. Nf3 Nc6 3. Bb5 a6 4. Ba4 Nf6 5. O-O b5 6. Bb3 Be7 7. d4 d6 8. dxe5
dxe5 9. Qxd8+ Bxd8 10. Nc3 O-O 11. h3 Re8 12. Ng5 Rf8 13. a4 h6 14. axb5 Nd4 15.
Nf3 Nxb3 16. cxb3 Re8 17. Be3 Bb7 18. bxa6 Bxa6 19. Rfc1 Bb7 20. Rxa8 Bxa8 21.
Nd2 Be7 22. Nb5 Rb8 23. Nxc7 Nxe4 24. Nxa8 Nxd2 25. Bxd2 Rxa8 26. Rc7 Kf8 27.
Bc3 e4 28. g3 Rb8 29. Rc4 f5 30. b4 Rb7 31. h4 h5 32. Kf1 Kf7 33. Ke2 g5 34.
hxg5 Bxg5 35. Rc6 Be7 36. Rh6 Bxb4 37. Rh7+ 1-0

[Event "FIDE World Bl Team Pool C"]
[Site "London ENG"]
[Date "2025.06.14"]
[Round "3.6"]
[White "Takvorian, Sebouh"]
[Black "Mihailidou, Magdalini"]
[Result "1-0"]
[WhiteElo "1764"]
[BlackElo "1922"]
[WhiteTeam "ANI"]
[BlackTeam "Chess Rising Stars"]
[WhiteFideId "430960"]
[BlackFideId "25801236"]
[EventDate "2025.06.14"]
[EventType "team"]

1. e4 e5 2. d4 exd4 3. c3 d5 4. exd5 Qxd5 5. cxd4 Nc6 6. Nf3 Bg4 7. Be2 O-O-O 8.
Be3 Nf6 9. Nc3 Bb4 10. O-O Qd7 11. a3 Bxc3 12. bxc3 h5 13. Rb1 Rde8 14. Qb3 Nd8
15. Ba6 Bxf3 16. gxf3 c6 17. Rfd1 Nd5 18. Bg5 f6 19. Bd2 Re7 20. c4 Nb6 21. c5
Nd5 22. Ba5 Nf4 23. Bxd8 Rxd8 24. Bc4 Qh3 25. Bf1 Qh4 26. Re1 Red7 27. a4 g5 28.
a5 a6 29. Qb6 g4 30. Qa7 gxf3 31. Re3 Rg7+ 32. Kh1 Rg1+ 33. Kxg1 Qg5+ 34. Kh1
Kd7 35. Qxb7# 1-0

[Event "FIDE World Bl Team Pool C"]
[Site "London ENG"]
[Date "2025.06.14"]
[Round "3.1"]
[White "Pert, Nicholas"]
[Black "Mamedyarov, Shakhriyar"]
[Result "0-1"]
[WhiteTitle "GM"]
[BlackTitle "GM"]
[WhiteElo "2509"]
[BlackElo "2746"]
[WhiteTeam "e-therapeutics"]
[BlackTeam "Generation XYZA"]
[WhiteFideId "403989"]
[BlackFideId "13401319"]
[EventDate "2025.06.14"]
[EventType "team"]

1. d4 d5 2. c4 dxc4 3. Nf3 c5 4. d5 e6 5. e4 exd5 6. exd5 Bd6 7. Bxc4 Ne7 8. Nc3
O-O 9. O-O Bg4 10. h3 Bh5 11. Re1 Nd7 12. Be2 Nb6 13. Bg5 h6 14. Bxe7 Qxe7 15.
Nd2 Bxe2 16. Qxe2 Qxe2 17. Rxe2 Rfe8 18. Rae1 Rxe2 19. Rxe2 Rd8 20. Nde4 Be7 21.
Rd2 Nc4 22. Re2 Kf8 23. b3 Nb6 24. Rd2 Nc8 25. g4 b6 26. Kg2 g6 27. a4 Nd6 28.
Nxd6 Bxd6 29. Re2 Be7 30. Rd2 Bf6 31. Nb5 Rd7 32. Kf3 a6 33. Na3 Bd4 34. Nc4 b5
35. axb5 axb5 36. Ne3 Ke7 37. Ke4 Kd6 38. Ra2 Re7+ 39. Kd3 Bxe3 40. fxe3 Kxd5
41. Ra8 c4+ 42. bxc4+ bxc4+ 43. Kd2 Rc7 44. Kc3 Ke4 45. Re8+ Kf3 46. e4 Kg3 47.
e5 Kxh3 48. e6 Kxg4 49. e7 h5 50. Kd2 c3+ 51. Kc2 h4 0-1

[Event "FIDE World Bl Team Pool C"]
[Site "London ENG"]
[Date "2025.06.14"]
[Round "3.2"]
[White "Gurel, Ediz"]
[Black "Williams, Simon K"]
[Result "0-1"]
[WhiteTitle "GM"]
[BlackTitle "GM"]
[WhiteElo "2636"]
[BlackElo "2444"]
[WhiteTeam "Generation XYZA"]
[BlackTeam "e-therapeutics"]
[WhiteFideId "44507356"]
[BlackFideId "404454"]
[EventDate "2025.06.14"]
[EventType "team"]

1. e4 e6 2. d4 d5 3. Nd2 Nf6 4. e5 Nfd7 5. Bd3 c5 6. c3 Nc6 7. Ne2 cxd4 8. cxd4
f6 9. exf6 Nxf6 10. Nf3 Bd6 11. O-O Qc7 12. Bg5 O-O 13. h3 Bd7 14. Rc1 Be8 15.
Nc3 a6 16. Re1 Bh5 17. Be2 Ne4 18. Be3 Bf4 19. Nxe4 dxe4 20. Ng5 Bxe3 21. fxe3
Qg3 22. Bxh5 Rf2 23. Bf3 exf3 24. Qxf3 Rxf3 25. Nxf3 Rf8 26. Rf1 e5 27. Rce1 e4
28. Nd2 Rxf1+ 29. Kxf1 Qg6 30. Kg1 Nb4 31. Nc4 Nd5 32. a4 Qg3 33. Re2 h5 34. a5
h4 35. Kh1 Qc7 36. b3 Kh7 37. Rf2 Qg3 38. Re2 Nc3 39. Rc2 Qe1+ 40. Kh2 Ne2 0-1

[Event "FIDE World Bl Team Pool C"]
[Site "London ENG"]
[Date "2025.06.14"]
[Round "3.3"]
[White "Pert, Richard G"]
[Black "Solak, Dragan"]
[Result "0-1"]
[WhiteTitle "IM"]
[BlackTitle "GM"]
[WhiteElo "2416"]
[BlackElo "2591"]
[WhiteTeam "e-therapeutics"]
[BlackTeam "Generation XYZA"]
[WhiteFideId "404748"]
[BlackFideId "916811"]
[EventDate "2025.06.14"]
[EventType "team"]

1. d4 d6 2. e4 Nf6 3. Nc3 e5 4. Nge2 Nc6 5. d5 Ne7 6. g3 c6 7. dxc6 bxc6 8. Bg2
Ng6 9. h3 Be7 10. O-O O-O 11. f4 exf4 12. Nxf4 Re8 13. Kh2 Nd7 14. Nh5 Nde5 15.
Bf4 Qa5 16. Be3 Be6 17. Rf2 Rab8 18. Rb1 Bf8 19. Nf4 Nc4 20. Bc1 Be7 21. Nxe6
fxe6 22. h4 Bf6 23. Ne2 Qxa2 24. Bg5 Bxg5 25. hxg5 Qa5 26. Qc1 Qc5 27. Qg1 Ne3
28. Bh3 Ne5 29. g4 Rf8 30. Rf4 Ng6 31. Rxf8+ Rxf8 32. Re1 Qe5+ 33. Ng3 Nxc2 34.
Re2 Nd4 35. Re3 Nf3+ 36. Rxf3 Rxf3 37. Qg2 Qf4 38. e5 Rf2 0-1

[Event "FIDE World Bl Team Pool C"]
[Site "London ENG"]
[Date "2025.06.14"]
[Round "3.4"]
[White "Erdogmus, Yagiz Kaan"]
[Black "Mortazavi, Ali"]
[Result "1-0"]
[WhiteTitle "GM"]
[BlackTitle "IM"]
[WhiteElo "2626"]
[BlackElo "2333"]
[WhiteTeam "Generation XYZA"]
[BlackTeam "e-therapeutics"]
[WhiteFideId "44599790"]
[BlackFideId "401323"]
[EventDate "2025.06.14"]
[EventType "team"]

1. e4 c5 2. b3 b6 3. Bb2 Bb7 4. Nc3 e6 5. Nf3 a6 6. d4 cxd4 7. Nxd4 Qc7 8. Bd3
Nf6 9. O-O Bc5 10. Nf3 Nc6 11. Qe2 Ng4 12. Nd5 exd5 13. exd5+ Ne7 14. b4 Bd6 15.
h3 Nh2 16. Nxh2 Bxh2+ 17. Kh1 Bd6 18. Bxg7 Rg8 19. Bf6 Bxd5 20. f3 Be6 21. f4
Bd5 22. Be4 Bxe4 23. Qxe4 Qc6 24. Qe2 Rg6 25. Bh4 Kf8 26. f5 Rh6 27. Qg4 Nd5 1-0

[Event "FIDE World Bl Team Pool C"]
[Site "London ENG"]
[Date "2025.06.14"]
[Round "3.5"]
[White "Sivanandan, Bodhana"]
[Black "Salimova, Nurgyul"]
[Result "1/2-1/2"]
[WhiteTitle "WFM"]
[BlackTitle "IM"]
[WhiteElo "2109"]
[BlackElo "2385"]
[WhiteTeam "e-therapeutics"]
[BlackTeam "Generation XYZA"]
[WhiteFideId "497592"]
[BlackFideId "2915138"]
[EventDate "2025.06.14"]
[EventType "team"]

1. e4 e5 2. Nf3 Nc6 3. Nc3 Nf6 4. d4 exd4 5. Nxd4 Bc5 6. Be3 Bb6 7. Qd2 O-O 8.
O-O-O Re8 9. f3 d5 10. Nxc6 bxc6 11. Bxb6 axb6 12. exd5 cxd5 13. Bb5 Bd7 14.
Bxd7 Qxd7 15. Nxd5 Nxd5 16. Qxd5 Qxd5 17. Rxd5 Rxa2 18. Rhd1 Ra1+ 19. Kd2 Rxd1+
20. Kxd1 Kf8 21. Rd7 Rc8 22. Ke2 Ke8 23. Rd3 Ke7 24. Re3+ Kf6 25. Rc3 c5 26. Rb3
Rc6 27. Kf2 Rd6 28. Ke2 h5 29. g3 g6 30. h4 Kf5 31. Rb5 Ke5 32. Ke3 Kd5 33. Rb3
Re6+ 34. Kd2 Kc6 35. Ra3 Re7 36. Ra8 Kb7 37. Ra3 Kc6 38. Ra8 Kb7 39. Ra3 Kc6 1/2-1/2

[Event "FIDE World Bl Team Pool C"]
[Site "London ENG"]
[Date "2025.06.14"]
[Round "3.6"]
[White "Yontar, Sabrican Onay"]
[Black "Mortazavi, Sami"]
[Result "1-0"]
[WhiteElo "1941"]
[BlackElo "1805"]
[WhiteTeam "Generation XYZA"]
[BlackTeam "e-therapeutics"]
[WhiteFideId "6373623"]
[BlackFideId "343443834"]
[EventDate "2025.06.14"]
[EventType "team"]

1. e4 c6 2. d4 d5 3. e5 Bf5 4. g4 Bd7 5. c4 dxc4 6. Bxc4 e6 7. Nc3 c5 8. d5 exd5
9. Qxd5 Qe7 10. Nb5 Na6 11. Nd6+ Kd8 12. Nxb7+ Kc7 13. Bxa6 Bc6 14. Qd6+ Qxd6
15. exd6+ Kb6 16. f3 Bxb7 17. Bxb7 Kxb7 18. Bf4 Kc6 19. O-O-O Rd8 20. Ne2 Bxd6
21. Bxd6 Rxd6 22. Rxd6+ Kxd6 23. Rd1+ Kc7 24. Nc3 Nf6 25. Re1 Kd7 26. g5 Ne8 27.
Ne4 Kc6 28. Rd1 Nc7 29. Rd6+ Kb5 30. Rd7 Ne6 31. Rxa7 Rd8 32. Rxf7 Rd3 33. f4
Nd4 34. Nc3+ Kb4 35. Rb7+ Kc4 36. Re7 Rf3 37. Ne4 Rf1+ 38. Kd2 Rh1 39. Nd6+ Kb4
40. a3+ Ka5 41. Ra7+ Kb6 42. Rxg7 Rxh2+ 43. Kc3 Ne6 44. f5 Nd4 45. Nc4+ Kc6 46.
f6 Rf2 47. f7 Ne6 48. Rxh7 Nxg5 49. Rh6+ Kd5 50. Rh5 Rf5 51. Rxg5 1-0

[Event "FIDE World Bl Team Pool C"]
[Site "London ENG"]
[Date "2025.06.14"]
[Round "4.1"]
[White "Abdusattorov, Nodirbek"]
[Black "Fromm, Marius"]
[Result "1-0"]
[WhiteTitle "GM"]
[BlackTitle "IM"]
[WhiteElo "2767"]
[BlackElo "2444"]
[WhiteTeam "Uzbekistan"]
[BlackTeam "Berlin Chess Federation"]
[WhiteFideId "14204118"]
[BlackFideId "12993190"]
[EventDate "2025.06.14"]
[EventType "team"]

1. d4 Nf6 2. c4 e6 3. Nf3 d5 4. g3 Bb4+ 5. Bd2 Be7 6. Bg2 O-O 7. O-O c6 8. Qc2
Nbd7 9. Rc1 a5 10. a4 Ne4 11. Be1 Bd6 12. Nc3 f5 13. e3 Ndf6 14. Na2 Bd7 15. b4
axb4 16. Bxb4 Bxb4 17. Nxb4 Ng4 18. Nd3 Nd6 19. Nfe5 Nxe5 20. Nxe5 Bc8 21. Rcb1
Nf7 22. Nd3 Nd6 23. cxd5 exd5 24. Nc5 g5 25. Re1 Qf6 26. a5 f4 27. e4 dxe4 28.
Nxe4 Nxe4 29. Bxe4 Bf5 30. Bxf5 Qxf5 31. Qb3+ Qf7 32. Rab1 Qxb3 33. Rxb3 Rf7 34.
Re5 h6 35. gxf4 gxf4 36. Kg2 Rd8 37. Rd3 f3+ 38. Kg3 Kh7 39. Re4 Rd5 40. Rxf3
Rg5+ 41. Rg4 Rxf3+ 42. Kxf3 Rxa5 43. Re4 Rb5 44. Re6 Rb2 45. h4 Kg7 46. Ke3 Rb3+
47. Ke4 Rh3 48. f4 Rxh4 49. Ke5 Kf7 50. Rd6 Ke7 51. Rg6 Kf7 52. Rg2 Rh1 53. Rb2
b5 54. Ra2 Rh5+ 55. f5 Rh1 56. Ra7+ Ke8 57. Rc7 b4 58. Rxc6 h5 59. Rb6 h4 60.
Rxb4 h3 61. Kf6 h2 62. Rb2 Kd7 63. Rf2 Kd6 64. Kf7 Kd7 65. f6 Kd6 66. Kf8 Kd7
67. f7 Kd8 68. d5 Kd7 69. d6 Kxd6 70. Rd2+ Ke6 71. Ke8 Ra1 72. Re2+ 1-0

[Event "FIDE World Bl Team Pool C"]
[Site "London ENG"]
[Date "2025.06.14"]
[Round "4.2"]
[White "Schneider, Ilja"]
[Black "Sindarov, Javokhir"]
[Result "0-1"]
[WhiteTitle "IM"]
[BlackTitle "GM"]
[WhiteElo "2417"]
[BlackElo "2710"]
[WhiteTeam "Berlin Chess Federation"]
[BlackTeam "Uzbekistan"]
[WhiteFideId "4663306"]
[BlackFideId "14205483"]
[EventDate "2025.06.14"]
[EventType "team"]

1. e4 c5 2. Nc3 g6 3. d4 cxd4 4. Qxd4 Nf6 5. Nf3 Nc6 6. Qa4 d6 7. e5 dxe5 8.
Nxe5 Qd4 9. Qxd4 Nxd4 10. Nb5 Nxc2+ 11. Kd1 Nxa1 12. Nc7+ Kd8 13. Nxa8 Be6 14.
b3 Bg7 15. Bb2 Kc8 16. Bc4 Bxc4 17. bxc4 Ng4 18. Nxf7 Bxb2 0-1

[Event "FIDE World Bl Team Pool C"]
[Site "London ENG"]
[Date "2025.06.14"]
[Round "4.3"]
[White "Yakubboev, Nodirbek"]
[Black "Florstedt, Johannes"]
[Result "1-0"]
[WhiteTitle "GM"]
[BlackTitle "FM"]
[WhiteElo "2659"]
[BlackElo "2391"]
[WhiteTeam "Uzbekistan"]
[BlackTeam "Berlin Chess Federation"]
[WhiteFideId "14203987"]
[BlackFideId "12922293"]
[EventDate "2025.06.14"]
[EventType "team"]

1. d4 Nf6 2. Nf3 g6 3. Nbd2 c5 4. dxc5 Qa5 5. a3 Qxc5 6. b4 Qc7 7. Bb2 Bg7 8. c4
O-O 9. e3 b6 10. Be2 Bb7 11. O-O d6 12. Rc1 Nbd7 13. Qb3 Rac8 14. Rfd1 Qb8 15.
Nd4 Qa8 16. Bf1 h5 17. N2f3 Ne4 18. Ne2 Ndf6 19. h3 Rfd8 20. Nf4 e6 21. Qa2 h4
22. Qa1 g5 23. Nxg5 e5 24. Nxe4 Bxe4 25. Ne2 Kh7 26. Nc3 Bf5 27. Nb5 Ne4 28. Bd3
Bh6 29. Qb1 Rg8 30. Kf1 Rxg2 31. Nxd6 Rxf2+ 32. Ke1 Bxe3 33. Bxe4 Bd2+ 34. Rxd2
Bxe4 35. Nxe4 Rf4 36. Re2 Rg8 37. Ng5+ Kh6 38. Qh7+ Kxg5 39. Rxe5+ Kf6 40. Re8+ 1-0

[Event "FIDE World Bl Team Pool C"]
[Site "London ENG"]
[Date "2025.06.14"]
[Round "4.4"]
[White "Schulze, Lara"]
[Black "Vokhidov, Shamsiddin"]
[Result "0-1"]
[WhiteTitle "FM"]
[BlackTitle "GM"]
[WhiteElo "2317"]
[BlackElo "2644"]
[WhiteTeam "Berlin Chess Federation"]
[BlackTeam "Uzbekistan"]
[WhiteFideId "12956830"]
[BlackFideId "14204223"]
[EventDate "2025.06.14"]
[EventType "team"]

1. e4 c5 2. Nf3 Nc6 3. Bb5 Nf6 4. Nc3 Qc7 5. O-O Nd4 6. Re1 Ng4 7. g3 Nxf3+ 8.
Qxf3 Ne5 9. Qd1 e6 10. Bf1 a6 11. b3 Be7 12. Bb2 O-O 13. a4 d6 14. Qe2 b6 15.
Bg2 Bb7 16. Nd1 Rfe8 17. d4 cxd4 18. Bxd4 Bf6 19. Kh1 Rac8 20. Ne3 Nd7 21. Bxf6
Nxf6 22. Qd3 Red8 23. c4 Nd7 24. Rad1 Nc5 25. Qc2 Bc6 26. Rd2 Qb7 27. f3 b5 28.
axb5 axb5 29. Red1 Qb8 30. b4 Na6 31. cxb5 Bxb5 32. Qb2 h6 33. Nc2 Ba4 34. Rc1
Nxb4 35. Nxb4 Rxc1+ 36. Qxc1 Qxb4 37. Bf1 Qb6 38. Rb2 Qd4 39. Rd2 Qe3 40. Qc7
Rd7 41. Qb8+ Kh7 42. Rxd6 Qf2 43. Bh3 Bd1 44. Bg2 Qe1+ 45. Bf1 Qxf1# 0-1

[Event "FIDE World Bl Team Pool C"]
[Site "London ENG"]
[Date "2025.06.14"]
[Round "4.5"]
[White "Tokhirjonova, Gulrukhbegim"]
[Black "Rath, Alina"]
[Result "1-0"]
[WhiteTitle "IM"]
[BlackTitle "CM"]
[WhiteElo "2370"]
[BlackElo "2019"]
[WhiteTeam "Uzbekistan"]
[BlackTeam "Berlin Chess Federation"]
[WhiteFideId "14203626"]
[BlackFideId "24607886"]
[EventDate "2025.06.14"]
[EventType "team"]

1. e4 c5 2. Nf3 Nc6 3. Bb5 a6 4. Bxc6 dxc6 5. h3 Qc7 6. d3 e5 7. Be3 Bd6 8. Nbd2
Ne7 9. a4 a5 10. Nc4 Ng6 11. Qd2 O-O 12. Qc3 b6 13. h4 Re8 14. h5 Nf4 15. Bxf4
exf4 16. h6 f5 17. Nxd6 1-0

[Event "FIDE World Bl Team Pool C"]
[Site "London ENG"]
[Date "2025.06.14"]
[Round "4.6"]
[White "Ziems, Michael"]
[Black "Imomkuzieva, Nilufarkhon"]
[Result "0-1"]
[BlackTitle "WFM"]
[WhiteElo "1904"]
[BlackElo "2066"]
[WhiteTeam "Berlin Chess Federation"]
[BlackTeam "Uzbekistan"]
[WhiteFideId "24678490"]
[BlackFideId "14216736"]
[EventDate "2025.06.14"]
[EventType "team"]

1. d4 Nf6 2. c4 g6 3. Nc3 d5 4. Bf4 Bg7 5. e3 O-O 6. Nf3 c6 7. Be2 dxc4 8. a4
Nd5 9. Be5 Nf6 10. Bxc4 Nbd7 11. Bg3 Nh5 12. Bh4 c5 13. O-O cxd4 14. Nxd4 Nhf6
15. Bg3 Nb6 16. Be2 Nbd5 17. Qb3 Nxc3 18. bxc3 Ne4 19. Rfd1 Nxg3 20. hxg3 Qc7
21. Rac1 Bd7 22. Bf3 Rab8 23. Nb5 Bxb5 24. Qxb5 a6 25. Qd7 Rfc8 26. g4 b5 27.
axb5 axb5 28. Rd5 Qxd7 29. Rxd7 Kf8 30. Rd3 b4 31. c4 b3 32. Rb1 b2 0-1

[Event "FIDE World Bl Team Pool C"]
[Site "London ENG"]
[Date "2025.06.14"]
[Round "4.1"]
[White "Zakarian, David"]
[Black "Pert, Nicholas"]
[Result "1-0"]
[WhiteTitle "FM"]
[BlackTitle "GM"]
[WhiteElo "2301"]
[BlackElo "2509"]
[WhiteTeam "ANI"]
[BlackTeam "e-therapeutics"]
[WhiteFideId "13301276"]
[BlackFideId "403989"]
[EventDate "2025.06.14"]
[EventType "team"]

1. e4 c5 2. Nf3 Nc6 3. Bb5 g6 4. O-O Bg7 5. c3 Nf6 6. d4 Nxe4 7. d5 Nd6 8. Na3
Nb8 9. Bd3 a6 10. Bf4 O-O 11. Bxd6 exd6 12. Nc4 b5 13. Nxd6 Qc7 14. Nxc8 Rxc8
15. a4 b4 16. cxb4 cxb4 17. Rc1 Qd8 18. Qd2 Rxc1 19. Rxc1 a5 20. h4 d6 21. Bb5
Nd7 22. h5 Nc5 23. h6 Nb3 24. Qf4 Qf6 25. Qxf6 Bxf6 26. Rc6 Rd8 27. Rc2 Kf8 28.
g4 Nd4 29. Nxd4 Bxd4 30. Kg2 Bf6 31. f4 g5 32. Kf3 gxf4 33. Kxf4 Be5+ 34. Kf5
Ke7 35. Rc7+ Kf8 36. b3 Bc3 37. Ra7 Bd2 38. g5 Rc8 39. Rxa5 Bc3 40. Ra7 f6 41.
Rxh7 fxg5 42. Bc6 Kg8 43. Rd7 Rf8+ 44. Kxg5 Bd2+ 45. Kg6 Bc3 46. a5 Rf6+ 47. Kg5
Rf1 48. a6 Rg1+ 49. Kf5 Rf1+ 50. Ke6 Bd4 51. h7+ Kh8 52. Kxd6 Rf6+ 53. Kc7 Rf8
54. Kb7 Rf1 55. Re7 Ra1 56. Re4 Bc5 57. Rc4 Be3 58. d6 Bg5 59. d7 Kxh7 60. Rg4
Bf6 61. Rxb4 Kg7 62. Re4 Ra3 63. Bd5 Ra5 64. Bc4 Bd8 65. Re8 Bf6 66. d8=Q 1-0

[Event "FIDE World Bl Team Pool C"]
[Site "London ENG"]
[Date "2025.06.14"]
[Round "4.2"]
[White "Williams, Simon K"]
[Black "Kiremitciyan, Ari"]
[Result "1-0"]
[WhiteTitle "GM"]
[BlackTitle "FM"]
[WhiteElo "2444"]
[BlackElo "2271"]
[WhiteTeam "e-therapeutics"]
[BlackTeam "ANI"]
[WhiteFideId "404454"]
[BlackFideId "6373445"]
[EventDate "2025.06.14"]
[EventType "team"]

1. d4 d5 2. c4 e6 3. Nc3 Nf6 4. Nf3 h6 5. Bf4 Bd6 6. Bg3 O-O 7. e3 a6 8. c5 Be7
9. Bd3 Nc6 10. Ne5 Nxe5 11. Bxe5 b6 12. b4 bxc5 13. bxc5 c6 14. O-O Nd7 15. Bg3
e5 16. Qa4 Qc7 17. f4 exd4 18. f5 Qa7 19. exd4 Bf6 20. Bd6 Rd8 21. Ne2 Bb7 22.
Rab1 Nf8 23. Rb6 Rxd6 24. Rxb7 Qxb7 25. cxd6 Qd7 26. Rc1 Qxd6 27. Qxc6 Qd8 28.
Bxa6 Rb8 29. Bb5 Qe7 30. a4 Qe3+ 31. Kh1 Bxd4 32. Qxd5 Bf6 33. Qf3 Qd2 34. Qd3
Qa2 35. Qc2 Qd5 36. h3 Qe5 37. Ng1 Rd8 38. Nf3 Qf4 39. Rf1 Qg3 40. Qf2 Qb8 41.
Bc6 Qc7 42. Bb5 Qa5 43. g4 Qb4 44. Qe2 Rc8 45. Rd1 Rb8 46. Kg2 Qc5 47. Qf2 Qc7
48. Rd2 Rc8 49. Re2 Rd8 50. Ra2 Qa5 51. Qe1 Qa8 52. a5 Rd5 53. Qe2 Rc5 54. a6
Qa7 55. Bd3 Rc6 56. Qe4 Rb6 57. Be2 Bd8 58. h4 Rb8 59. Bc4 1-0

[Event "FIDE World Bl Team Pool C"]
[Site "London ENG"]
[Date "2025.06.14"]
[Round "4.3"]
[White "Stepanyan, Henrik"]
[Black "Mortazavi, Ali"]
[Result "1-0"]
[BlackTitle "IM"]
[WhiteElo "2200"]
[BlackElo "2333"]
[WhiteTeam "ANI"]
[BlackTeam "e-therapeutics"]
[WhiteFideId "401030"]
[BlackFideId "401323"]
[EventDate "2025.06.14"]
[EventType "team"]

1. d4 Nf6 2. c4 g6 3. Nc3 Bg7 4. e4 O-O 5. Nf3 d6 6. h3 e5 7. dxe5 dxe5 8. Qxd8
Rxd8 9. Bg5 c6 10. Nxe5 Re8 11. O-O-O Na6 12. Nf3 Nc5 13. e5 Nfe4 14. Nxe4 Nxe4
15. Be3 Be6 16. Bd3 f5 17. exf6 Nxf6 18. Bd4 b5 19. cxb5 cxb5 20. Kb1 b4 21.
Rhe1 Rac8 22. g4 b3 23. axb3 Bxb3 24. Rxe8+ Rxe8 25. Bc2 Bd5 26. Ng5 Rd8 27.
Bxf6 Bxf6 28. Ne4 Kg7 29. Nxf6 Kxf6 1-0

[Event "FIDE World Bl Team Pool C"]
[Site "London ENG"]
[Date "2025.06.14"]
[Round "4.4"]
[White "Sivanandan, Bodhana"]
[Black "Zakarian, Dimitrios Levon"]
[Result "1/2-1/2"]
[WhiteTitle "WFM"]
[WhiteElo "2109"]
[BlackElo "2079"]
[WhiteTeam "e-therapeutics"]
[BlackTeam "ANI"]
[WhiteFideId "497592"]
[BlackFideId "453080"]
[EventDate "2025.06.14"]
[EventType "team"]

1. e4 c5 2. Nf3 e6 3. g3 Nc6 4. Bg2 Nf6 5. Nc3 d6 6. d4 cxd4 7. Nxd4 Be7 8. Nxc6
bxc6 9. e5 Nd5 10. exd6 Bxd6 11. O-O O-O 12. Ne4 Be7 13. Re1 Bb7 14. a3 a5 15.
c4 Nf6 16. Be3 Qc7 17. Qc2 Rfd8 18. Rad1 Rab8 19. Bf4 e5 20. Nxf6+ Bxf6 21. Be3
Rxd1 22. Rxd1 c5 23. Bd5 Bc8 24. Bg2 Be6 25. h4 h5 26. Rd2 g6 27. Bd5 Bf5 28.
Be4 Be6 29. Bd5 Bf5 30. Be4 Be6 31. Bd5 1/2-1/2

[Event "FIDE World Bl Team Pool C"]
[Site "London ENG"]
[Date "2025.06.14"]
[Round "4.5"]
[White "Grigoryan, Meri"]
[Black "Pert, Max"]
[Result "1/2-1/2"]
[WhiteTitle "WFM"]
[BlackTitle "FM"]
[WhiteElo "1980"]
[BlackElo "2277"]
[WhiteTeam "ANI"]
[BlackTeam "e-therapeutics"]
[WhiteFideId "13300571"]
[BlackFideId "456845"]
[EventDate "2025.06.14"]
[EventType "team"]

1. d4 d5 2. Nf3 Nf6 3. Bf4 c5 4. c3 Nc6 5. e3 g6 6. Nbd2 Bg7 7. Bb5 O-O 8. O-O
Nh5 9. Bg3 Nxg3 10. hxg3 Qb6 11. Bxc6 bxc6 12. Qb3 cxd4 13. cxd4 Rb8 14. Rfc1
Bd7 15. Rc5 Qxc5 16. dxc5 Rxb3 17. axb3 Ra8 18. Ra2 e5 19. Ne1 Kf8 20. Ra6 Ke7
21. Nc2 Kd8 22. b4 Kc7 23. Nb3 Kb7 24. Ra2 a6 25. Na5+ Ka7 26. Ne1 Rb8 27. Ra4
e4 28. b3 Bc3 29. Nc2 Rc8 30. Kf1 Bg4 31. Ne1 Bd1 32. f3 exf3 33. Nxf3 Bc2 34.
Nd4 Bxd4 35. exd4 Bd3+ 36. Kf2 Bb5 37. Ra1 Re8 38. Re1 Rxe1 39. Kxe1 Kb8 40. Kf2
Kc7 41. Kf3 f6 42. g4 Bd3 43. Kf4 Bc2 44. g3 Kd7 45. Nb7 Bxb3 46. Nd6 Bc2 47. g5
f5 48. Nf7 Kc7 49. Ne5 Ba4 50. Nd3 Bb5 51. Nb2 Kb7 52. Ke5 a5 53. bxa5 Ka6 54.
Kf6 Kxa5 55. Kg7 Kb4 56. Kxh7 Kc3 57. Nd1+ Kxd4 58. Kxg6 Kxc5 59. Kf6 Bc4 60.
Ne3 Ba2 61. g6 d4 62. Nxf5 d3 63. Ne3 d2 64. Nd1 Kd4 65. g7 Kd3 66. Ke7 Ke2 67.
Nb2 d1=Q 68. Nxd1 Kxd1 69. Kd6 Bd5 70. g4 Ke2 71. g5 Kf3 72. g6 Kf4 73. g8=Q
Bxg8 74. Kxc6 Kf5 75. g7 Kf6 1/2-1/2

[Event "FIDE World Bl Team Pool C"]
[Site "London ENG"]
[Date "2025.06.14"]
[Round "4.6"]
[White "Mortazavi, Sami"]
[Black "Mesropyan, Hayk"]
[Result "0-1"]
[WhiteElo "1805"]
[BlackElo "1866"]
[WhiteTeam "e-therapeutics"]
[BlackTeam "ANI"]
[WhiteFideId "343443834"]
[BlackFideId "499455"]
[EventDate "2025.06.14"]
[EventType "team"]

1. e4 e5 2. Nf3 Nc6 3. Nc3 Nf6 4. Nd5 Bc5 5. c3 Bb6 6. Nxb6 axb6 7. Bd3 d6 8.
O-O h6 9. h3 O-O 10. Bc2 d5 11. exd5 Nxd5 12. d4 exd4 13. cxd4 Qd6 14. Qd3 Nf6
15. a3 Nb4 16. Qd1 Nxc2 17. Qxc2 Qd5 18. Re1 Bf5 19. Qxc7 Be4 20. Qf4 Rfe8 21.
Be3 Nh5 22. Qc7 Bxf3 23. gxf3 Rac8 24. Qh2 Rc6 25. Bf4 Rxe1+ 26. Rxe1 Qxf3 27.
Be3 Rg6+ 28. Kf1 f5 29. Bc1 Qd3+ 30. Re2 Re6 31. Be3 0-1